000 00730nam a2200229Ia 4500
003 GCL
008 140319s9999 xx 000 0 ara d
020 _a4067379960
040 _aGCL /
_cGCL
082 0 4 _a616
_bد م
100 1 _aمايكل ف0 ديكسون
245 1 0 _aالمساعدة فى علم الامراض /
_cمايكل ف0 ديكسون
250 _aالاولى
260 _aالرياض :
_bمكتبة الملك فهد الوطنية ،
_c2000
300 _a638 ص ؛
_c24 سم
650 0 4 _aالامراض الباطنية
650 0 4 _aامراض الشيخوخة
650 0 4 _aالامراض، علم
650 0 4 _aالامراض المزمنة
650 0 4 _aامراض الدم
942 _2ddc
_cBK
999 _c6980
_d6980